00473nam a2200181Ia 4500003000400000005001700004008004000021020001800061040000700079041001200086082001500098100003300113245005200146250000600198260004900204300001300253650002500266OSt20230321095055.0210210b1989 xxu||||| |||| 00| 0 eng d a0 316 08211 2 cAL aEnglish a808.8 BARI aBARNET (Sylvan) & others Ed. aIntroduction to literature:fiction poetry Drama a9 aBostonbGlenview Scott Foresman & Co.,c1989 axvi,1244 aFiction Poetry Drama